书目信息 |
| 题名: |
就教您这一招——灵
|
|
| 作者: | 李金琳 , 白皋 主编 | |
| 分册: | 现代生活窍门篇 | |
| 出版信息: | 上海 上海科学技术文献出版社 2006.05 |
|
| 页数: | 500页 | |
| 开本: | 21cm | |
| 丛书名: | ||
| 单 册: | ||
| 中图分类: | TS976.3 | |
| 科图分类: | ||
| 主题词: | 家庭生活--jia ting sheng huo--基本知识 | |
| 电子资源: | ||
| ISBN: | 7-5439-2949-X | |
| 000 | 00960nam0 2200265 450 | |
| 001 | 012008086166 | |
| 005 | 20080419164233.79 | |
| 010 | @a7-5439-2949-X@dCNY30.00 | |
| 100 | @a20080419d2006 em y0chiy0120 ea | |
| 101 | 0 | @achi |
| 102 | @aCN@b310000 | |
| 105 | @ay z 000yy | |
| 106 | @ar | |
| 200 | 1 | @a就教您这一招——灵@Ajiu jiao nin zhe yi zhao——ling@i现代生活窍门篇@f李金琳, 白皋主编@Fli jin lin,bai gao zhu bian |
| 210 | @a上海@c上海科学技术文献出版社@d2006.05 | |
| 215 | @a500页@d21cm | |
| 300 | @a现代家庭生活必备 | |
| 330 | @a本书围绕“幸福生活”这个主题,介绍了现代生活方面的窍门,内容涉及烹饪饮食、卫生保健、美容美发、社交礼仪、家事技巧、服饰选购等。 | |
| 517 | 1 | @a现代生活窍门篇@Axian dai sheng huo qiao men pian |
| 606 | 0 | @a家庭生活@Ajia ting sheng huo@x基本知识 |
| 690 | @aTS976.3@v4 | |
| 701 | 0 | @a李金琳@Ali jin lin@4主编 |
| 701 | 0 | @a白皋@Abai gao@4主编 |
| 801 | 0 | @aCN@bQSSK@c20080419 |
| 905 | @b294954-56@dTS976.3@eL183@f3 | |
| 就教您这一招——灵.现代生活窍门篇/李金琳, 白皋主编.-上海:上海科学技术文献出版社,2006.05 |
| 500页;21cm |
| 现代家庭生活必备 |
| ISBN 7-5439-2949-X:CNY30.00 |
| 本书围绕“幸福生活”这个主题,介绍了现代生活方面的窍门,内容涉及烹饪饮食、卫生保健、美容美发、社交礼仪、家事技巧、服饰选购等。 |
| ● |
| 相关链接 |
|
|
|
正题名:就教您这一招——灵
索取号:TS976.3/L183
 
预约/预借
| 序号 | 登录号 | 条形码 | 馆藏地/架位号 | 状态 | 备注 |
| 1 | 294954 | 202949541 | 自科库501/501自科库 46排5列2层/ [索取号:TS976.3/L183] | 在馆 | |
| 2 | 294955 | 202949550 | 自科库501/ [索取号:TS976.3/L183] |
已借出,限还日期为2015.09.21 借出人:艾淑瑜 |
|
| 3 | 294956 | 202949569 | 自科库501/501自科库 46排5列2层/ [索取号:TS976.3/L183] | 在馆 |